Les villes avec le plus de kebabs pour 1000 habitants - Statistiques

Statistiques générales
  • Ce quiz a été pris 101 fois
  • Le résultat moyen est 18 sur 27
Statistiques - réponses
Kebabs/1000 habitants Ville % Correct
0,21 Paris
100%
0,10 Marseille
94%
0,26 Lyon
92%
0,33 Lille
90%
0,27 Strasbourg
83%
0,19 Toulouse
83%
0,24 Bordeaux
82%
0,20 Rennes
79%
0,26 Nantes
78%
0,15 Nice
76%
0,27 Montpellier
72%
0,23 Brest
70%
0,31 Grenoble
66%
0,30 Reims
60%
0,29 Dijon
59%
0,31 Saint-Etienne
59%
0,13 Toulon
59%
0,37 Clermont-Ferrand
57%
0,42 Metz
57%
0,30 Angers
48%
0,31 Le Havre
48%
0,34 Amiens
47%
0,32 Perpignan
47%
0,25 Tours
47%
0,17 Limoges
43%
0,25 Villeurbanne
32%
0,19 Le Mans
30%
Aucun quiz correspondant
Distribution des résultats
% des personnes avec chaque résultat
Percentile par nombre de réponses
Votre historique - résultats
Vous n’avez pas pris ce quiz